Fortran for the '90s : (Record no. 174880)
[ view plain ]
| 000 -LEADER | |
|---|---|
| fixed length control field | 01186 a2200193 4500 |
| 003 - CONTROL NUMBER IDENTIFIER | |
| control field | Nust |
| 005 - DATE AND TIME OF LATEST TRANSACTION | |
| control field | 20220812143755.0 |
| 010 ## - LIBRARY OF CONGRESS CONTROL NUMBER | |
| LC control number | 91044475 |
| 020 ## - INTERNATIONAL STANDARD BOOK NUMBER | |
| International Standard Book Number | 0716782472 |
| 040 ## - CATALOGING SOURCE | |
| Transcribing agency | Nust |
| 082 00 - DEWEY DECIMAL CLASSIFICATION NUMBER | |
| Classification number | 005.133,EDG |
| 100 1# - MAIN ENTRY--PERSONAL NAME | |
| Personal name | Edgar, Stacey L. |
| 9 (RLIN) | 97020 |
| 245 10 - TITLE STATEMENT | |
| Title | Fortran for the '90s : |
| Remainder of title | problem solving for scientists and engineers / |
| Statement of responsibility, etc. | Stacey L. Edgar. |
| 260 ## - PUBLICATION, DISTRIBUTION, ETC. | |
| Place of publication, distribution, etc. | New York : |
| Name of publisher, distributor, etc. | Computer Science Press, |
| Date of publication, distribution, etc. | c1992. |
| 300 ## - PHYSICAL DESCRIPTION | |
| Extent | xxx, 658 p. : |
| Other physical details | ill. ; |
| Dimensions | 24 cm. |
| 505 ## - FORMATTED CONTENTS NOTE | |
| Formatted contents note | Introduction Computers and Programming (Page-1), Approaches to Problem Solving (Page-21), FORTRAN Building Blocks (Page- 45), Control Statement (Page-91), Repetition Structures (Page-139), Data Types in General (Page-181),Formatted Input/Output (Page-211), Arrays -Sub scripted Variables (Page- 241), Errors - A Fact of Life (Page- 299),Subprograms (Page- 323), Additional Control Statements and Data Manipulation (Page-365),File Handling and Other Advanced Input / Output (Page-399), Visual Output (Page-433)Some Interesting Application (Page- 463), Numeric Methods (Page-511), Some Closing Remarks (Page-539). |
| 650 #0 - SUBJECT ADDED ENTRY--TOPICAL TERM | |
| Topical term or geographic name entry element | FORTRAN (Computer program language) |
| 9 (RLIN) | 26734 |
| 942 ## - ADDED ENTRY ELEMENTS (KOHA) | |
| Koha item type | Book |
| Source of classification or shelving scheme | |
| Call number prefix | 005.133,EDG |
| Withdrawn status | Lost status | Source of classification or shelving scheme | Damaged status | Not for loan | Permanent Location | Current Location | Shelving location | Date acquired | Full call number | Barcode | Date last seen | Price effective from | Koha item type | Public note |
|---|---|---|---|---|---|---|---|---|---|---|---|---|---|---|
| Military College of Signals (MCS) | Military College of Signals (MCS) | General Stacks | 12/12/2016 | 005.133,EDG | MCS27111 | 12/08/2016 | 12/12/2016 | Book | Almirah No.4, Shelf No.4 |
